00726nam a2200169 i 450000100060000000300090000600500170001500700030003200800410003504000200007610000650009624501530016126000340031430000210034860000760036985201110044548199ES-MaACL20250809063455.0t|950707s1832 fr ||||1| fre d aCAM bspa cCAM1 aChateaubriand, François-René, cvicomte de, d1768-184810aCourtes explications sur les 12.000 francs offerts par Mme la Duchesse de Berry aux indigens attaqués de la contagion / cpar M. de Chateaubriand. aParis : bLe Normand, c1832. a48 p. ; c21 cm.17aBerry, Marie Caroline de Borbón-Sicilia, cDuchesse de, d1798-18702 aES-MaACLjG-10628(1) z.- Donat. Angel Calderón de la Barca (Actas del Ateneo, junta 9 de abril de 1844)